Ang alamat ni maria makiling / (Record no. 21680)

000 -LEADER
fixed length control field 00609nam a22001577a 4500
003 - CONTROL NUMBER IDENTIFIER
control field OSt
005 - DATE AND TIME OF LATEST TRANSACTION
control field 20260126091146.0
008 - FIXED-LENGTH DATA ELEMENTS--GENERAL INFORMATION
fixed length control field 260120b xxua|||| |||| 00| 0 eng d
040 ## - CATALOGING SOURCE
Transcribing agency csu
100 ## - MAIN ENTRY--PERSONAL NAME
Personal name Concepcion, Ofelia E.
Relator term author.
245 ## - TITLE STATEMENT
Title Ang alamat ni maria makiling /
Statement of responsibility, etc Ofelia E. Concepcion ; guhit ni Jess Olivares ; pabalat ni Milton R. Delos Santos
260 ## - PUBLICATION, DISTRIBUTION, ETC. (IMPRINT)
Place of publication, distribution, etc [place of publication not identified] :
Name of publisher, distributor, etc [name of publisher not identified],
Date of publication, distribution, etc [date of publication not identified].
300 ## - PHYSICAL DESCRIPTION
Extent 24 pages
Other physical details color illustrations.
500 ## - GENERAL NOTE
General note The best bedtime stories in full color
942 ## - ADDED ENTRY ELEMENTS (KOHA)
Koha item type Books
Source of classification or shelving scheme
Holdings
Price effective from Permanent Location Date last seen Not for loan Date acquired Source of classification or shelving scheme Koha item type Lost status Withdrawn status Copy number Source of acquisition Collection code Damaged status Barcode Shelving location Current Location Full call number
2026-01-20Cagayan State University - Carig Library2026-01-20 2026-01-20 Books  1DonationsChildren Section C000511Children SectionCagayan State University - Carig LibraryCS C511 C7442 2009
2026-01-26Cagayan State University - Carig Library2026-01-26 2026-01-26 Books  4DonationsChildren Section C000921Children SectionCagayan State University - Carig LibraryCS C921 C7442 2009

Cagayan State University University Library, Carig Campus
Tuguegarao City, Cagayan 3500 | www.csucarig.edu.ph

Powered by Koha